Statistics for NHL All-Time Games Played by a goalie

Click here to take the quiz!

General Stats

  • This quiz has been taken 1,092 times
    (559 since last reset)
  • The average score is 15 of 30

Answer Stats

RankGames PlayedAnswer% Correct
11266Martin Brodeur
97%
21029Patrick Roy
93%
24735Dominik Hasek
87%
3*1001Roberto Luongo
79%
14*805Henrik Lundqvist
70%
5963Ed Belfour
69%
23*737Marc-Andre Fleury
68%
10868Grant Fuhr
66%
12837Jacques Plante
65%
29680Billy Smith
63%
21744Chris Osgood
57%
6943Curtis Joseph
56%
22*737Ryan Miller
54%
4971Terry Sawchuk
51%
8886Tony Esposito
50%
19781Mike Vernon
47%
7906Glenn Hall
44%
28686Evgeni Nabokov
41%
26713Andy Moog
38%
25719Olaf Kolzig
36%
9882John Vanbiesbrouck
35%
20777Tom Barrasso
35%
16799Nikiolai Khabibulin
34%
17795Rogie Vachon
25%
27700Tomas Vokoun
21%
11861Lorne Worsley
20%
30677Kelly Hrudey
19%
13820Sean Burke
19%
18788Gilles Meloche
10%
15803Harry Lumley
10%

Score Distribution

Percentile by Number Answered

Percent of People with Each Score

Your Score History

You have not taken this quiz since the last reset